Capitales d'Amérique du Sud (avec carte des pays) - Statistiques

Statistiques générales
  • Ce quiz a été pris 827 fois
  • Le résultat moyen est 9 sur 12
Réponses sur la Carte
Les réponses sont colorées sur une échelle allant du rouge au vert en fonction du pourcentage des utilisateurs qui les ont devinées à leur premier essai. Vous pouvez retrouver ces pourcentages ci-dessous.
 
Statistiques - réponses
Pays Capitales % Correct
Brésil Brasilia
96%
Argentine Buenos Aires
92%
Pérou Lima
86%
Chili Santiago
83%
Colombie Bogota
82%
Bolivie La Paz / Sucre
81%
Uruguay Montevideo
81%
Venezuela Caracas
71%
Équateur Quito
71%
Paraguay Asunción
60%
Guyana Georgetown
53%
Suriname Paramaribo
49%
Aucun quiz correspondant
Distribution des résultats
% des personnes avec chaque résultat
Percentile par nombre de réponses
Votre historique - résultats
Vous n’avez pas pris ce quiz